000 00425nam a2200169 a 4500
001 0000-8805
003 ELIB.Books
008 110520 1968
035 _a(ELIB.Books)0000-8951
082 _aB
_bBuk
100 _aBuks Bazen, Lydia
245 _aThey looked for a city
260 _bPhiladelphia: The Spearhead Press
_c1968
650 _aBiography
942 _2ddc
_cBK
998 _cbat
_e2011-05-20
999 _c8805
_d8805